000 00481nmm a2200157Ia 4500
008 251105s9999||||xx |||||||||||||||||und||
020 _a9788431528898
041 _aspa
100 _aSolé Alamarja, Eduard
245 0 _aTodo sobre la adopción
264 _a[Madrid, España] :
_bDe Vecchi,
_c[Fecha de publicación no identificada]
300 _a0 páginas
650 _aMind, body and spirituality
856 _uhttps://public.digitaliapublishing.com/a/120895
942 _cCF
999 _c81184
_d81184